Guia de la Clinica Mayo sobre dolor cronico / (Registro nro. 22513)

Detalles MARC
000 -LEADER
fixed length control field 01283nam a2200277 4500
001 - CONTROL NUMBER
control field 0000015393
003 - CONTROL NUMBER IDENTIFIER
control field CO-CtgCURN
005 - DATE AND TIME OF LATEST TRANSACTION
control field 20250331185207.0
007 - PHYSICAL DESCRIPTION FIXED FIELD--GENERAL INFORMATION
fixed length control field ta
008 - FIXED-LENGTH DATA ELEMENTS--GENERAL INFORMATION
fixed length control field 160627s2001 000 0 eng d
020 ## - INTERNATIONAL STANDARD BOOK NUMBER
International Standard Book Number 970655324X
040 ## - CATALOGING SOURCE
Original cataloging agency CO-CtgCURN
Language of cataloging spa
Transcribing agency coctgcurn
082 0# - DEWEY DECIMAL CLASSIFICATION NUMBER
Classification number 616.0472
Item number G940
245 00 - TITLE STATEMENT
Title Guia de la Clinica Mayo sobre dolor cronico /
Statement of responsibility, etc. Editor David W. Swanson.
260 ## - PUBLICATION, DISTRIBUTION, ETC.
Place of publication, distribution, etc. Mexico :
Name of publisher, distributor, etc. Trillas,
Date of publication, distribution, etc. 2001.
300 ## - PHYSICAL DESCRIPTION
Extent 177 p.
336 ## - CONTENT TYPE
Source rdacontent
337 ## - MEDIA TYPE
Source rdamedia
Media type term sin mediacion
Media type code n
338 ## - CARRIER TYPE
Source rdacarrier
Carrier type term volumen
Carrier type code nc
505 8# - FORMATTED CONTENTS NOTE
Formatted contents note Como comprender el dolor.--·Tiene dolor cronico?.--Ciclos del dolor cronico.--Como reconocer los costos del dolor cronico.--Como tomar el control de su dolor.--Como empezar a hacer ejercicio.--Como encontrar el equilibrio.--Maneje las emociones y comportamientos.--Maneje el estres de la vida.--Interacción con familiares y amigos.--Como cuidarse usted mismo y a su salud.--·Y los medicamentos?.--Medicina complementaria y alternativa.--Centros y clinicas para el dolor.--Como mantener el control
650 14 - SUBJECT ADDED ENTRY--TOPICAL TERM
Topical term or geographic name entry element Dolor.
700 1# - ADDED ENTRY--PERSONAL NAME
Personal name Swanson, David W.
908 ## - PUT COMMAND PARAMETER (RLIN)
Put command parameter 160627
942 ## - ADDED ENTRY ELEMENTS (KOHA)
Koha item type Libros
Classification part 616.0472
Item part G940
Source of classification or shelving scheme Dewey Decimal Classification
Existencias
Withdrawn status Lost status Source of classification or shelving scheme Damaged status Not for loan Collection Home library Current library Shelving location Date acquired Inventory number Total checkouts Full call number Barcode Date last seen Price effective from Koha item type Public note
    Dewey Decimal Classification     General Miguel Henríquez Emiliani Miguel Henríquez Emiliani General 03/31/2025 015671   616.0472 G940 015671 03/31/2025 03/31/2025 Libros 610-CIENME